000
00250nam a2200109Ia 4500
008
220204s9999 xx 000 0 und d
082
_a
001
_b
RAD
100
_a
Radhakrishnan, S
245
0
_a
Our heritage
260
_a
Delhi
_b
Orient
_c
1973
942
_c
BK
999
_c
38440
_d
38440